International Marketing and Export Management

Gespeichert in:
Bibliographische Detailangaben
Format: Buch
Sprache:Englisch
Veröffentlicht: Wokingham Addison-Wesley Pub. Co. 1989
Ausgabe:1. ed.
Tags: Tag hinzufügen
Keine Tags, Fügen Sie das erste Tag hinzu!

MARC

LEADER 00000nam a2200000 4500
001 c034683
005 20221215114016.1
041 0 |a eng 
044 |a US 
245 1 0 |a International Marketing and Export Management 
250 |a 1. ed. 
264 1 |a Wokingham  |b Addison-Wesley Pub. Co.  |c 1989 
300 |a 407 s.